Integrated principles of zoology / (Record no. 53028)
[ view plain ]
| 000 -LEADER | |
|---|---|
| fixed length control field | 00612nam a2200229Ia 4500 |
| 005 - DATE AND TIME OF LATEST TRANSACTION | |
| control field | 20260429112230.0 |
| 008 - FIXED-LENGTH DATA ELEMENTS--GENERAL INFORMATION | |
| fixed length control field | 260429s9999||||xx |||||||||||||| ||und|| |
| 020 ## - INTERNATIONAL STANDARD BOOK NUMBER | |
| International Standard Book Number | 9781266263293 |
| 041 ## - LANGUAGE CODE | |
| Language | English |
| 082 ## - DEWEY DECIMAL CLASSIFICATION NUMBER | |
| Classification number | 590 |
| Item number | HIC |
| 100 ## - MAIN ENTRY--PERSONAL NAME | |
| Personal name | Hickman, Cleveland P. |
| 245 #0 - TITLE STATEMENT | |
| Title | Integrated principles of zoology / |
| Statement of responsibility, etc | Cleveland P. Hickman |
| 250 ## - EDITION STATEMENT | |
| Edition statement | 19th ed. |
| 260 ## - PUBLICATION, DISTRIBUTION, ETC. (IMPRINT) | |
| Place of publication, distribution, etc | New York : |
| Name of publisher, distributor, etc | Mc Graw Hill, |
| Date of publication, distribution, etc | 2024. |
| 300 ## - PHYSICAL DESCRIPTION | |
| Extent | xiii, 850 p.; pbk |
| 650 ## - SUBJECT ADDED ENTRY--TOPICAL TERM | |
| Topical term or geographic name as entry element | Zoology |
| 700 ## - ADDED ENTRY--PERSONAL NAME | |
| Personal name | Eisenhour, David J. |
| 700 ## - ADDED ENTRY--PERSONAL NAME | |
| Personal name | I'Anson, Helen |
| 700 ## - ADDED ENTRY--PERSONAL NAME | |
| Personal name | Keen, Susan L. |
| 700 ## - ADDED ENTRY--PERSONAL NAME | |
| Personal name | Larson, Allan |
| 942 ## - ADDED ENTRY ELEMENTS (KOHA) | |
| Koha item type | Text Books |
| Withdrawn status | Lost status | Damaged status | Not for loan | Collection code | Home library | Location | Shelving location | Date of Cataloging | Source of acquisition | Total Checkouts | Full call number | Barcode | Date last seen | Price effective from | Koha item type |
|---|---|---|---|---|---|---|---|---|---|---|---|---|---|---|---|
| Non-fiction | CUTN Central Library | CUTN Central Library | Sciences | 29/04/2026 | Sri Mariyamman Stores, Virudhunagar - Invoice No. SMS-CCR/2025-26/349 on 11-02-2026 | 590 HIC | 58187 | 29/04/2026 | 29/04/2026 | Text Books |
